| 000 | 00549nam a22001817a 4500 | ||
|---|---|---|---|
| 005 | 20240521163902.0 | ||
| 010 | _aENG-140451 | ||
| 020 |
_a9789356061552 _c350.00 |
||
| 035 | _aEN-123983 | ||
| 037 | _bDBAD | ||
| 082 | _a954 | ||
| 100 |
_aMalhotra, Raj _966680 |
||
| 245 |
_aA History of Modern India/ _cBy Raj Malhotra |
||
| 260 |
_c2017 _aNoida _bPearson India |
||
| 270 |
_a15th Floor,, Tower-B, World Trade, Plot No.1, Block-C, Sector-16, _bNoida _e201301 |
||
| 300 |
_c25cm(pbk) _avp. _bill. |
||
| 942 |
_cEN _2ddc _h954 _mMAL |
||
| 999 |
_c203134 _d203134 |
||